Renewable Bioresources (Record no. 612216)

MARC details
000 -LEADER
fixed length control field 00396nam a2200145 a 4500
008 - FIXED-LENGTH DATA ELEMENTS--GENERAL INFORMATION
fixed length control field 260213s2026##################000#0#eng##
020 ## - INTERNATIONAL STANDARD BOOK NUMBER
ISBN 9780470854471
082 04 - DEWEY DECIMAL CLASSIFICATION NUMBER
Classification number 333.953
Item number STE
100 ## - MAIN ENTRY--AUTHOR NAME
Personal name Stevens, Christian V
245 10 - TITLE STATEMENT
Title Renewable Bioresources
Statement of responsibility, etc / Christian V. Stevens
260 ## - PUBLICATION, DISTRIBUTION, ETC. (IMPRINT)
Place of publication John Wiley and Sons, 2004.
300 ## - PHYSICAL DESCRIPTION
Number of Pages 336 pages
942 ## - ADDED ENTRY ELEMENTS (KOHA)
Koha item type English Books
Holdings
Withdrawn status Lost status Damaged status Not for loan Home library Current library Shelving location Date acquired Full call number Accession Number Price effective from Koha item type
        Anna Centenary Library Anna Centenary Library 4TH FLOOR, A WING 13.02.2026 333.953 STE 134630 13.02.2026 English Books

Find us on the map